000 00522nam a2200181Ia 4500
999 _c1784
_d1784
003 OSt
005 20201001143434.0
008 190216s9999||||xx |||||||||||||| ||und||
020 _a9788180940378
040 _coclc
082 _a660.6
_bNIR/P
100 _aNirmala, C B
_95278
245 0 _aPlant Biotechnology /
_cC B Nirmala ; G Rajalakshmi ; C Karthick
260 _bM J P Publishers,
_c2009.
_aNew Delhi:
300 _a381p
650 _aBotany
942 _cBK
_2ddc
_h660.6
_iNIR/P
_k660.6
_mNIR/P